000 00665nam a2200217 i 4500
001 bgj
100 1 _aSINCLAIR, Barbara
245 1 0 _aActivate your English :
_bintermediate self-study workbook /
_cBarbara Sinclair, Philip Prowse.
260 _aCambridge :
_bCambridge Univ. Press,
_c1996.
300 _a50 pp :
_bill. ;
_c30 cm.
505 _aIncl. answer key and tapescripts.
650 9 _aEnglish language
655 _aTextbooks for foreigners (intermediate)
700 1 _aPROWSE, Philip
020 _a0521484197 (pbk)
040 _cBPK
041 0 _aeng
920 _a0-521-48419-7 (pbk)
942 _cKS
008 s uk f |000 0 eng
999 _c48165
_d48165
856 _uhttp://koha.tu.koszalin.pl/cgi-bin/koha/opac-detail.pl?biblionumber=48165
_yKatalog online BPK